| 000 | 00432 a2200157 4500 | ||
|---|---|---|---|
| 999 |
_c4482 _d4482 |
||
| 010 | _aENG-86325 | ||
| 020 |
_a8172149212 _c125.00 |
||
| 035 | _aEN-69858 | ||
| 037 | _bDBAD / PUB | ||
| 082 | 1 | 4 | _aN |
| 100 | 1 | _aCorwin, Chuck | |
| 245 | 1 |
_aOpen House : _cby Chuck Corwin _ba novel / |
|
| 260 |
_aDelhi _bIndian Society for Promoting Christian Knowledge _c2006 |
||
| 300 |
_axiii, 125 p. _c21 cm. (Hb) |
||
| 942 |
_adpl _cEN _2ddc _hN _mCOR |
||